|
|
|
|
| LEADER |
00792nam a22002297a 4500 |
| 001 |
AAL7288 |
| 003 |
BD-DhAAL |
| 005 |
20161002123352.0 |
| 008 |
161002m20092006bg ||||| |||| 00| 0 eng d |
| 020 |
|
|
|a 98470002000970
|
| 040 |
|
|
|a BD-DhAAL
|c BD-DhAAL
|
| 082 |
|
|
|a 810
|
| 100 |
|
|
|a Haque, Md. Ataul
|9 20496
|
| 245 |
|
|
|a A study guide to American Literature /
|c Md. Ataul Haque
|
| 260 |
|
|
|a Dhaka :
|b Friends' Book Corner,
|c 2009
|
| 300 |
|
|
|a 622 p. ;
|c 22 cm.
|
| 541 |
|
|
|e 7288
|
| 650 |
|
|
|a American literature
|x Bibliography
|9 20497
|
| 852 |
|
|
|a Savar Campus Library
|c General Shelf
|
| 942 |
|
|
|2 ddc
|c BK
|
| 999 |
|
|
|c 37844
|d 37844
|
| 952 |
|
|
|0 0
|1 0
|2 ddc
|4 0
|6 810_000000000000000_HAQ
|7 0
|9 59666
|a SCL
|b SCL
|c GEN
|d 2016-10-02
|g 275.00
|l 2
|m 6
|o 810 HAQ
|p 3020007288
|r 2020-01-29
|s 2020-01-22
|t 1
|w 2016-10-02
|y BK
|